000 00426nam a2200181Ia 4500
001 2765
005 20260306144831.0
008 260306t2006||||xx |||||||||||||| ||spa||
041 _aESP
082 _a227
_bB77
100 _aBouttier, Michel
_eAUT
245 0 _aVocabulario de las epístolas paulinas
260 _c2006
300 _a68 páginas :
_c19 cm.
650 _aGEN
654 _aCHU
942 _cLIB
_dJUS
_fJUS
_2ddc
_n
999 _c2765
_d2765